| 000 | 01086nam a22002537a 4500 | ||
|---|---|---|---|
| 999 |
_c13953 _d13953 |
||
| 003 | EG-ScBUE | ||
| 005 | 20200115135934.0 | ||
| 008 | 100428s1984 le f b 000 p ara d | ||
| 040 |
_aEG-ScBUE _bara _erda _cEG-ScBUE _dEG-ScBUE |
||
| 082 | 0 | 4 |
_a892.7134 _bن و ا _222 |
| 100 | 0 |
_aأبو نواس، _d146-198 هـ.، _eمؤلف. _913726 |
|
| 245 | 1 | 0 |
_aديوان أبي نواس الحسن بن هانئ / _bحققه وضبطه وشرحه أحمد عبد المجيد الغزالي. |
| 264 | 1 |
_aبيروت، لبنان : _bدار الكتاب العربي، _c1984. |
|
| 300 |
_a767 صفحة ؛ _c24 سم |
||
| 336 |
_2rdacontent _aنص _btxt |
||
| 337 |
_2rdamedia _aبدون وسيط _bn |
||
| 338 |
_2rdacarrier _aمجلد _bnc |
||
| 504 | _aيشتمل على إرجاعات ببليوجرافية. | ||
| 650 | 7 |
_aالشعر العربي _xدواوين وقصائد _yالعصر العباسي الأول. _2BUEsh _913741 |
|
| 653 |
_bARALIT _cJanuary2020 |
||
| 655 | _vReading book | ||
| 700 | 1 |
_913728 _aغزالي، أحمد عبد المجيد، _eمحقق. |
|
| 942 |
_2ddc _cBB |
||